An ninh trong thông tin di động /

Đã lưu trong:
书目详细资料
主要作者: Nguyễn Phạm Anh Dũng, TS
格式: 图书
语言:Vietnamese
出版: Bưu điện 2006
标签: 添加标签
没有标签, 成为第一个标记此记录!
Thư viện lưu trữ: Mạng thư viện Đại học Đà Nẵng
LEADER 00640nam a2200265 4500
001 000026984
003 AN
005 20150403120000.0
008 150403s vm 000 vie
020 |c 0,0000 
040 |a notts 
100 |a Nguyễn Phạm Anh Dũng, TS 
245 |a An ninh trong thông tin di động /  |c NguyễnPhạm Anh Dũng. 
260 |b Bưu điện  |c 2006 
OWN |a LTT 
999 |a From the UDN01 
TYP |a Monograph 
TYP |a Printed language 
980 |a Mạng thư viện Đại học Đà Nẵng